Vainqueur(e)s des WTT Finals au tennis de table - Statistiques

Statistiques générales
  • Ce quiz a été pris 32 fois
  • Le résultat moyen est 7 sur 13
Statistiques - réponses
# Pays Vainqueur(e)s % Correct
1 Alexis Lebrun
96%
1 Félix Lebrun
96%
1 Tomokazu Harimoto
92%
3 Wang Chuqin
88%
1 Fan Zhendong
83%
4 Sun Yingsha
79%
3 Wang Manyu
75%
1 Shin Yu-bin
46%
1 Lim Jong-hoon
38%
1 Honoka Hashimoto
21%
1 Xiang Peng
17%
1 Hitomi Satō
13%
1 Yuan Licen
4%
Aucun quiz correspondant
Distribution des résultats
% des personnes avec chaque résultat
Percentile par nombre de réponses
Votre historique - résultats
Vous n’avez pas pris ce quiz